Радиогеохимическая характеристика углей Монголии; Радиоактивность и радиоактивные элементы в среде обитания человека

Detalles Bibliográficos
Parent link:Радиоактивность и радиоактивные элементы в среде обитания человека.— 2013.— [С. 349-354]
Autor principal: Машенькин В. С.
Autor Corporativo: Национальный исследовательский Томский политехнический университет (ТПУ) Институт природных ресурсов (ИПР) Кафедра геофизики (ГЕОФ)
Otros Autores: Арбузов С. И. Сергей Иванович
Sumario:Заглавие с титульного листа
The geochemistry of U and Th in coals of the Mongolia was studied. The evaluations of average contents of uranium and thorium are cited for the main epochs of coal formation in Mongolia. The concentration factors of U and Th in coal deposits were determined
Lenguaje:ruso
Publicado: 2013
Materias:
Acceso en línea:http://www.lib.tpu.ru/fulltext/c/2013/C33/164.pdf
Formato: Electrónico Capítulo de libro
KOHA link:https://koha.lib.tpu.ru/cgi-bin/koha/opac-detail.pl?biblionumber=242458

MARC

LEADER 00000naa2a2200000 4500
001 242458
005 20251211085617.0
035 |a (RuTPU)RU\TPU\book\263774 
035 |a RU\TPU\book\263761 
090 |a 242458 
100 |a 20130903d2013 k||y0rusy50 ca 
101 0 |a rus 
102 |a RU 
135 |a drnn ---uucaa 
181 0 |a i  
182 0 |a b 
200 1 |a Радиогеохимическая характеристика углей Монголии  |d Radiochemical characteristic of Mongolian coals  |f В. С. Машенькин, С. И. Арбузов 
203 |a Текст  |c электронный 
215 |a 1 файл (183 Кб) 
300 |a Заглавие с титульного листа 
320 |a [Библиогр.: с. 354 (4 назв.)] 
330 |a The geochemistry of U and Th in coals of the Mongolia was studied. The evaluations of average contents of uranium and thorium are cited for the main epochs of coal formation in Mongolia. The concentration factors of U and Th in coal deposits were determined 
337 |a Adobe Reader 
463 1 |0 (RuTPU)RU\TPU\book\263484  |t Радиоактивность и радиоактивные элементы в среде обитания человека  |o материалы IV Международной конференции, 4-8 июня 2013 г., г. Томск  |f Национальный исследовательский Томский политехнический университет (ТПУ) ; Российская академия наук (РАН), Сибирское отделение (СО), Институт геологии и минералогии ; Зарубежгеология, Открытое Акционерное Общество ; Российское геологическое общество (РосГео), Томское региональное отделение (ТРО) ; Волковгеология ; Казатомпром ; под ред. Л. П. Рихванова  |v [С. 349-354]  |d 2013 
510 1 |a Radiochemical characteristic of Mongolian coals  |z eng 
610 1 |a труды учёных ТПУ 
610 1 |a электронный ресурс 
610 1 |a радиогеохимическая характеристика 
610 1 |a уголь 
610 1 |a Монголия 
610 1 |a исследования 
610 1 |a разведка 
700 1 |a Машенькин  |b В. С. 
701 1 |a Арбузов  |b С. И.  |c российский геолог и геохимик  |c профессор Томского политехнического университета, доктор геолого-минералогических наук  |f 1959-  |g Сергей Иванович  |3 (RuTPU)RU\TPU\pers\24710  |9 10962 
712 0 2 |a Национальный исследовательский Томский политехнический университет (ТПУ)  |b Институт природных ресурсов (ИПР)  |b Кафедра геофизики (ГЕОФ)  |3 (RuTPU)RU\TPU\col\18667 
801 1 |a RU  |b 63413507  |c 20130116 
801 2 |a RU  |b 63413507  |c 20150410  |g RCR 
856 4 |u http://www.lib.tpu.ru/fulltext/c/2013/C33/164.pdf 
942 |c CF